MLB - 300 strikeout seasons - Statistics

General Stats
  • This quiz has been taken 16 times
  • The average score is 28 of 38
Answer Stats
K's Year Answer % Correct
383 1973 Nolan Ryan
100%
367 1974 Nolan Ryan
100%
341 1977 Nolan Ryan
100%
329 1972 Nolan Ryan
100%
327 1976 Nolan Ryan
100%
301 1989 Nolan Ryan
100%
372 2001 Randy Johnson
100%
364 1999 Randy Johnson
100%
347 2000 Randy Johnson
100%
334 2002 Randy Johnson
100%
329 1998 Randy Johnson
100%
308 1993 Randy Johnson
100%
313 1910 Walter Johnson
100%
303 1912 Walter Johnson
100%
382 1965 Sandy Koufax
93%
317 1966 Sandy Koufax
93%
306 1963 Sandy Koufax
93%
300 2019 Justin Verlander
86%
300 2018 Max Scherzer
86%
313 1999 Pedro Martínez
86%
305 1997 Pedro Martínez
86%
310 1972 Steve Carlton
79%
308 2017 Chris Sale
71%
319 1997 Curt Schilling
71%
316 2002 Curt Schilling
71%
300 1998 Curt Schilling
71%
301 2015 Clayton Kershaw
64%
326 2019 Gerrit Cole
57%
348 1946 Bob Feller
50%
301 1971 Vida Blue
43%
313 1979 J.R. Richard
36%
303 1978 J.R. Richard
36%
306 1986 Mike Scott
36%
308 1971 Mickey Lolich
21%
349 1904 Rube Waddell
14%
302 1903 Rube Waddell
14%
325 1965 Sam McDowell
14%
304 1970 Sam McDowell
14%
No matching quizzes found
Score Distribution
Percent of People with Each Score
Percentile by Number Answered
Your Score History
You have not taken this quiz